Museo Nacional de Artes Decorativas (Record no. 9658)

MARC details
000 -CABECERA
campo de control de longitud fija 01059nam a2200253 a 4500
001 - NÚMERO DE CONTROL
campo de control BRL_846
005 - FECHA Y HORA DE LA ÚLTIMA TRANSACCIÓN
campo de control 20190320210924.0
008 - DATOS DE LONGITUD FIJA--INFORMACIÓN GENERAL
campo de control de longitud fija 181013s1981----sp-a######---#000-0#spa-#
041 ## - CÓDIGO DE LENGUA
Código de lengua del texto/banda sonora o título independiente spa
044 ## - CÓDIGO DEL PAÍS DE LA ENTIDAD EDITORA/PRODUCTORA
Código MARC del país sp
050 #4 - SIGNATURA TOPOGRÁFICA DE LA BIBLIOTECA DEL CONGRESO
Número de clasificación NK480.M29
Número de documento/Ítem .M87 1981
110 2# - ENTRADA PRINCIPAL--NOMBRE DE ENTIDAD CORPORATIVA
Nombre de entidad corporativa o nombre de jurisdicción como elemento de entrada Museo Nacional de Artes Decorativas (España)
9 (RLIN) 1997
245 10 - MENCIÓN DE TÍTULO
Título Museo Nacional de Artes Decorativas
Resto del título Guía
Mención de responsabilidad, etc. credactada por Ma. Dolores Enriquez Arranz ; colaboradoras Ma. Josefa García del Cid, Josefina Tena Artigas.
260 ## - PUBLICACIÓN, DISTRIBUCIÓN, ETC.
Lugar de publicación, distribución, etc. Madrid
Nombre del editor, distribuidor, etc. Ministerio de Cultura, Dirección General de Bellas Artes, Archivos y Bibliotecas, Subdirección General de Museos, Patronato Nacional de Museos
Fecha de publicación, distribución, etc. 1981
300 ## - DESCRIPCIÓN FÍSICA
Extensión 144 p.
Otras características físicas il., 54 láminas
Dimensiones 20 cm.
440 #0 - MENCIÓN DE SERIE/PUNTO DE ACCESO ADICIONAL--TÍTULO
Título Museos de España: Serie Guías
9 (RLIN) 25115
500 ## - NOTA GENERAL
Nota general Au966
650 14 - PUNTO DE ACCESO ADICIONAL DE MATERIA--TÉRMINO DE MATERIA
Término de materia o nombre geográfico como elemento de entrada Museo Nacional de Artes Decorativas (España)
Subdivisión de forma Guía
9 (RLIN) 25116
700 1# - PUNTO DE ACCESO ADICIONAL--NOMBRE DE PERSONA
Nombre de persona Enriquez Arranz, Maria Dolores
9 (RLIN) 25117
700 1# - PUNTO DE ACCESO ADICIONAL--NOMBRE DE PERSONA
Nombre de persona García y García del Cid, María Josefa
Término indicativo de función/relación col.
9 (RLIN) 25118
700 1# - PUNTO DE ACCESO ADICIONAL--NOMBRE DE PERSONA
Nombre de persona Tena Artigas, Josefina
9 (RLIN) 25119
902 ## - CATALOGADOR
Iniciales GRL
942 ## - ELEMENTOS DE PUNTO DE ACCESO ADICIONAL (KOHA)
Fuente del sistema de clasificación o colocación Library of Congress Classification
Tipo de ítem Koha Libros
Holdings
Estado de retiro Estado de pérdida Estado dañado No para préstamo Localización permanente Ubicación/localización actual Fecha de adquisición Número de inventario Total de préstamos Signatura topográfica completa Código de barras Fecha visto por última vez Precio válido a partir de Tipo de ítem Koha
El ejemplar forma parte de la colección y puede ser consultado según las políticas vigentes.       Biblioteca Centro de Estudios Ruth D. Lechuga Biblioteca Centro de Estudios Ruth D. Lechuga 18/10/2013 Au966   NK480.M29 .M87 1981 (Au966) GRL00915 22/03/2019 22/03/2019 Libros